000 01014nam a22002893 4500
001 200929
010 _a972-596-015-7
021 _aPT
_b73407/93
090 _a200929
100 _a20260303d u||y0pory50 ba
101 _apor
102 _aPT
200 _aOs Direitos Humanos e a Escola
_fFernando Sousa, Mr̀io Machaqueiro e Sřgio Lus̕ de Carvalho
_gIlustraȯ̂ de Maria Jos F̌erreira
210 _aSintra
_cSintra Editora
_d1993
215 _a60, [4] p. : il.
_cBrochado
_d23 cm
225 _aBiblioteca de apoio r̉eforma educativa
300 _aLivro publicado com o patrocn̕io do Ministřio da Educaȯ̂
606 _912232
_aCin̊cias Sociais
_xDireito Pb͠lico
610 _aDireitos do homem
675 _a342.7/SOU/DIR
_vPT
_zpor
700 _916609
_aSousa
_bFernando
701 _916610
_aMachaqueiro
_bMr̀io
701 _93664
_aCarvalho
_bSřgio Luis de
702 _916611
_aFerreira
_bMaria Jos
801 _aPT
_bBMMN
_gRPC
830 _cCarlos Pinto
_d03-03-2026
_fCarlos Pinto
990 _cLIVROS